000 00555nam a22001697a 4500
999 _c27248
_d27248
003 BDDh-ASL
005 20231015030737.0
008 211028s1891 ii ||||| |||| 00| 0 u d
040 _aBDDh-ASL
_cBDDh-ASL
082 _a297.63
_bNUA
100 1 _95489
_aNurullah, Enayet Ahmad
245 1 0 _aAL Kalamul Mubin Fi Ayat Rahmatul Lil Alamin : / الکلام المبين فی آيات رحمت للعالمين
260 _aLucknow :
_bNami Press ,
_c1891.
300 _a152 p. :
_c25 cm.
650 0 _92239
_aProphet
_vMuhammad (SM.)
942 _2ddc
_cBK